The United Nations as a political institution (Record no. 3733)

MARC details
000 -LEADER
fixed length control field 00940cam a2200313 4500
001 - CONTROL NUMBER
control field 291943
003 - CONTROL NUMBER IDENTIFIER
control field OSt
005 - DATE AND TIME OF LATEST TRANSACTION
control field 20230704112313.0
008 - FIXED-LENGTH DATA ELEMENTS--GENERAL INFORMATION
fixed length control field 710622s1971 enk b 001 0 eng
010 ## - LIBRARY OF CONGRESS CONTROL NUMBER
LC control number 70025158
015 ## - NATIONAL BIBLIOGRAPHY NUMBER
National bibliography number B***
020 ## - INTERNATIONAL STANDARD BOOK NUMBER
International Standard Book Number 0195013964
040 ## - CATALOGING SOURCE
Original cataloging agency DLC
Transcribing agency DLC
Modifying agency DLC
050 00 - LIBRARY OF CONGRESS CALL NUMBER
Classification number JX1977
Item number .N45 1971
082 00 - DEWEY DECIMAL CLASSIFICATION NUMBER
Classification number 341/.232
Item number NIC
100 1# - MAIN ENTRY--PERSONAL NAME
Personal name Nicholas, H. G.
Fuller form of name (Herbert George),
Dates associated with a name 1911-
245 14 - TITLE STATEMENT
Title The United Nations as a political institution
Statement of responsibility, etc. [by] H. G. Nicholas.
250 ## - EDITION STATEMENT
Edition statement 4th ed.
260 ## - PUBLICATION, DISTRIBUTION, ETC. (IMPRINT)
Place of publication, distribution, etc. London,
-- New York,
Name of publisher, distributor, etc. Oxford University Press,
Date of publication, distribution, etc. 1971.
300 ## - PHYSICAL DESCRIPTION
Extent 254 p.
Dimensions 21 cm.
350 ## - PRICE (NR) (BK AM CF MU VM SE) [OBSOLETE]
Price $1.95 (U.S.)
490 0# - SERIES STATEMENT
Series statement A Galaxy book 105
500 ## - GENERAL NOTE
General note "Charter of the United Nations": p. [213]-245.
504 ## - BIBLIOGRAPHY, ETC. NOTE
Bibliography, etc Includes bibliographical references.
610 20 - SUBJECT ADDED ENTRY--CORPORATE NAME
Corporate name or jurisdiction name as entry element United Nations.
710 2# - ADDED ENTRY--CORPORATE NAME
Corporate name or jurisdiction name as entry element United Nations.
Title of a work Charter.
906 ## - LOCAL DATA ELEMENT F, LDF (RLIN)
a 7
b cbc
c orignew
d 2
e ocip
f 19
g y-gencatlg
942 ## - ADDED ENTRY ELEMENTS (KOHA)
Source of classification or shelving scheme Dewey Decimal Classification
Koha item type Books
Holdings
Withdrawn status Lost status Source of classification or shelving scheme Damaged status Not for loan Home library Current library Date acquired Total Checkouts Full call number Barcode Date last seen Price effective from Koha item type
    Dewey Decimal Classification     County Hall Archives County Hall Archives 07/04/2023   341/.232 NIC 10015905 07/04/2023 07/04/2023 Books
LIBRARY OPENING HOURS

When the Parliament is sitting: 8.00a.m - 7.00p.m or until the house adjourns
Mondays and Fridays and when the House is on Recess:  8.00a.m - 5.00p.m
Closed on Weekends and Public Holidays

Online Public Access Catalog (OPAC)
Website: http://www.parliament.go.ke
Bunge Library: https://libraryir.parliament.go.ke
Contact: library@parliament.go.ke | Tel no: (254-2)2221291 or 2848000 Ext 5043